[Event "Moscow op-A 19th"]
[Site "Moscow"]
[Date "2023.07.17"]
[Round "1"]
[White "Popov, Konstantin"]
[Black "Dambaev, Dashi"]
[Result "1-0"]
[WhiteElo "2381"]
[BlackElo "1853"]
[PlyCount "63"]
[EventDate "2023.07.17"]
[EventType "swiss"]
[EventRounds "9"]
[EventCountry "RUS"]
[SourceTitle "CBM 215 Extra"]
[Source "ChessBase"]
[SourceDate "2023.09.30"]
[SourceVersion "1"]
[SourceVersionDate "2023.09.30"]
[SourceQuality "1"]

1. e4 e6 2. d4 d5 3. Nc3 Bb4 4. e5 b6 5. a3 Bf8 6. Nce2 Ba6 7. Nf3 Ne7 8. h4 c5 9. c3 Nbc6 10. h5 cxd4 11. cxd4 h6 12. Nf4 Bxf1 13. Kxf1 Qd7 14. g4 Na5 15. Kg2 Qb5 16. Rb1 Qb3 17. Qe2 Nec6 18. Be3 Qc4 19. Qe1 Qb5 20. Rh3 Be7 21. Rg3 Nb3 22. Rd1 Kf8 23. Qh1 Qa4 24. Rd3 Rc8 25. Qd1 Nca5 26. g5 Ke8 27. g6 Rc6 28. gxf7+ Kxf7 29. Nd2 Rc1 30. Qg4 Rh7 31. Qxe6+ Ke8 32. Qg8+ 1-0